All countries by alphabetical order of their capitals - with a map - Statistics

General Stats
  • This quiz has been taken 612 times
  • The average score is 112 of 196
Answers on the Map
Answers color-coded by a green-red scale on the quiz's map according to % correct below.
 
Answer Stats
Country % Correct
United Arab Emirates
95%
Ethiopia
93%
Turkey
93%
Algeria
92%
Netherlands
92%
Nigeria
92%
Andorra
91%
Ghana
89%
Madagascar
89%
Paraguay
87%
Greece
86%
Brazil
85%
Colombia
84%
Jordan
84%
Samoa
84%
Thailand
84%
Venezuela
83%
Argentina
82%
Kazakhstan
82%
Switzerland
80%
Australia
79%
Azerbaijan
79%
China
79%
Hungary
79%
Romania
79%
Belize
78%
Egypt
78%
Eritrea
78%
Germany
78%
Iraq
78%
Guyana
77%
Serbia
77%
Slovakia
77%
Turkmenistan
77%
Mali
76%
Belgium
75%
Cuba
74%
Denmark
74%
Brunei
72%
Lebanon
71%
Saint Lucia
71%
Finland
70%
Guatemala
70%
Ireland
70%
Gambia
69%
Moldova
69%
Republic of the Congo
68%
Senegal
68%
Syria
68%
Bangladesh
67%
Barbados
67%
Bolivia
67%
Peru
67%
Saint Kitts and Nevis
67%
Djibouti
66%
Kyrgyzstan
66%
Guinea-Bissau
64%
Indonesia
64%
Jamaica
64%
Central African Republic
63%
Tanzania
63%
Tuvalu
63%
Uruguay
63%
Vietnam
63%
East Timor
62%
Saint Vincent and the Grenadines
62%
Tajikistan
62%
Botswana
61%
Guinea
61%
Nepal
61%
Pakistan
61%
Portugal
61%
Qatar
61%
Russia
61%
Solomon Islands
61%
United Kingdom
61%
South Africa
60%
Zimbabwe
60%
Afghanistan
59%
Spain
59%
Sudan
59%
Ukraine
59%
Democratic Republic of the Congo
57%
Mexico
57%
Panama
57%
Sierra Leone
57%
Slovenia
57%
Nicaragua
56%
South Sudan
56%
Suriname
56%
Angola
55%
Belarus
55%
Burundi
55%
Croatia
55%
Ecuador
55%
Rwanda
55%
Uganda
55%
Zambia
55%
Canada
54%
Kuwait
54%
Luxembourg
54%
Malaysia
54%
Chile
53%
France
53%
Norway
53%
Marshall Islands
52%
Monaco
52%
New Zealand
52%
Austria
51%
Czech Republic
51%
Israel
51%
Mozambique
51%
Papua New Guinea
51%
Philippines
51%
United States
51%
Bahrain
49%
El Salvador
49%
Haiti
49%
Namibia
49%
Poland
49%
Togo
49%
Burkina Faso
48%
India
48%
Malawi
48%
San Marino
48%
Somalia
48%
Vanuatu
48%
Benin
47%
Equatorial Guinea
47%
Iceland
47%
Italy
47%
Mongolia
47%
Montenegro
47%
Oman
47%
Trinidad and Tobago
47%
Costa Rica
46%
Dominican Republic
46%
Kosovo
46%
Lithuania
46%
Maldives
46%
North Korea
46%
Saudi Arabia
46%
Yemen
46%
Armenia
45%
Bahamas
45%
Comoros
45%
Dominica
45%
Gabon
45%
Kenya
45%
Latvia
45%
Lesotho
45%
Liechtenstein
45%
Myanmar
45%
Nauru
45%
South Korea
45%
Bosnia and Herzegovina
44%
Federated States of Micronesia
44%
Malta
44%
Morocco
44%
Sweden
44%
Vatican City
44%
Cambodia
43%
Chad
43%
Cyprus
43%
Honduras
43%
Laos
43%
Liberia
43%
Antigua and Barbuda
41%
Cameroon
41%
Georgia
41%
Niger
41%
Bulgaria
40%
Estonia
40%
Eswatini
40%
Iran
40%
Japan
40%
Mauritania
40%
Mauritius
40%
Palau
40%
Tunisia
40%
São Tomé and Príncipe
39%
Seychelles
39%
Tonga
39%
Albania
38%
Grenada
38%
Libya
38%
North Macedonia
38%
Taiwan
38%
Uzbekistan
38%
Fiji
37%
Ivory Coast
36%
Cape Verde
34%
Kiribati
33%
Bhutan
32%
Singapore
31%
Sri Lanka
31%
No matching quizzes found
Score Distribution
Percent of People with Each Score
Percentile by Number Answered
Your Score History
You have not taken this quiz